| 000 | 00510cab a2200181 4500 | ||
|---|---|---|---|
| 001 | WB2546-13 | ||
| 008 | 090401t1989 xxu||||| |||| 00| 0 eng d | ||
| 035 | _a(Sirsi) u4166 | ||
| 041 | _aeng | ||
| 245 | _aRelocation contract | ||
| 260 | _c1989 | ||
| 350 | _a0 | ||
| 490 |
_aNationwide Anglia Press Information _v16 November 1989 3 pages |
||
| 520 | _aNationwide Anglia Relocation is to take on the relocation of the 2000 DHSS staff. | ||
| 690 | _aECONOMIC AND SOCIAL | ||
| 942 | _n0 | ||
| 948 | _c04/03/1997 | ||
| 999 |
_c2492 _d2492 |
||